| 000 | 00972nmm a2200277 a 4500 | ||
|---|---|---|---|
| 001 | ocm000593914 | ||
| 003 | TR-IsHL | ||
| 005 | 20201028131913.0 | ||
| 008 | 131028s2007 tu tur | ||
| 007 | cr cn | ||
| 020 | _a9789944997249 | ||
| 035 |
_a593914 _b(N$T) |
||
| 050 | 0 | 4 |
_aDR471 _b.S28 2007 |
| 090 | 0 | 4 |
_aDR471 _b.S28 2007 |
| 100 | 1 | _aSavaş, Ali İbrahim | |
| 245 | 1 | 0 |
_aOsmanlı diplomasisi _h[electronic resource] / _cAli İbrahim Savaş |
| 250 | _a1. bs. | ||
| 260 |
_aİstanbul : _b3F Yayınevi, _c2007 |
||
| 300 | _a88 p. | ||
| 650 | 4 | _aPolitika ve Uluslararası İlişkiler | |
| 650 | 4 | _aPolitics and International Relations | |
| 650 | 0 |
_aDiplomatik ve konsolosluk hizmeti, Türk _x Tarih |
|
| 650 | 0 |
_aDiplomatic and consular service, Turkish _x History |
|
| 650 | 7 |
_aPOLITICAL SCIENCE / International Relations / Diplomacy _2bisacsh |
|
| 856 | 4 | 0 | _uhttp://search.ebscohost.com/login.aspx?direct=true&scope=site&db=e011xww&AN=593914 |
| 999 |
_c4808 _d4808 |
||